Parto psicoprofiláctico /
Se ofrecen sugerencias prácticas y útiles, información acerca de los fundamentos del método psicoprofiláctico adaptado por Lamaze.
Guardat en:
| Autor principal: | |
|---|---|
| Format: | Llibre |
| Idioma: | espanyol |
| Publicat: |
México :
Pax,
1994
|
| Matèries: | |
| Etiquetes: |
Sense etiquetes, Sigues el primer a etiquetar aquest registre!
|
MARC
| LEADER | 00000nam^a2200000^a^4500 | ||
|---|---|---|---|
| 001 | 000042705 | ||
| 005 | 20250521000000.0 | ||
| 009 | 20260310085746.919 | ||
| 020 | |a 968-860-176-4 | ||
| 037 | |a Acervo ITESO - Biblioteca | ||
| 041 | |a ESP | ||
| 082 | |a 618. 45 |b WRI | ||
| 100 | |a Wright, Erna |e (autor) | ||
| 245 | 1 | 0 | |a Parto psicoprofiláctico / |c E. Wright; tr. de Beatriz Romero de Rodríguez. |
| 264 | 1 | |a México : |b Pax, |c 1994 | |
| 300 | |a 231 p. | ||
| 336 | |a texto |b txt |2 rdacontenido | ||
| 337 | |a sin mediación |b n |2 rdamedio | ||
| 338 | |a volumen |b nc |2 rdasoporte | ||
| 500 | |a Traducción de: The New Childbirth | ||
| 520 | |a Se ofrecen sugerencias prácticas y útiles, información acerca de los fundamentos del método psicoprofiláctico adaptado por Lamaze. | ||
| 649 | |a XX | ||
| 650 | |a Parto - |x Instrucción Programada | ||
| 650 | |a Parto Psicoprofiláctico | ||
| 910 | |a Fondo General | ||
| 920 | |a Impresos - Libros | ||
| 930 | |a Colección General | ||
| 905 | |a 101 | ||
| 901 | |a 0427050100 |b IT1 |c ACC |i 042705 |u 20250521 | ||
| 902 | |a https://opac.biblio.iteso.mx/vufind/Record/000042705 | ||